LIBRARY & INFORMATION CENTRE, KCAET, TAVANUR

ONLINE PUBLIC ACCESS CATALOGUE (OPAC)

Lotus 1-2-3: A tutorial / (Record no. 2763)

MARC details
000 -LEADER
fixed length control field 00500cam a2200193ua 4500
020 ## - INTERNATIONAL STANDARD BOOK NUMBER
ISBN 81-7224 339-1
041 ## - LANGUAGE CODE
Language code of text/sound track or separate title eng
082 ## - DEWEY DECIMAL CLASSIFICATION NUMBER
Classification number 005.369
Item number CiC/LO
100 ## - MAIN ENTRY--AUTHOR NAME
Personal name Cicilioni, Ruth yaron .
245 ## - TITLE STATEMENT
Title Lotus 1-2-3: A tutorial /
250 ## - EDITION STATEMENT
Edition statement 2 /
260 ## - PUBLICATION, DISTRIBUTION, ETC. (IMPRINT)
Place of publication Delhi :
Name of publisher Jaices publishing Houses ,
Year of publication 1994.
300 ## - PHYSICAL DESCRIPTION
Number of Pages 742 ; .
500 ## - GENERAL NOTE
General note 18981 CSS
942 ## - ADDED ENTRY ELEMENTS (KOHA)
Koha item type Books
Holdings
Withdrawn status Lost status Damaged status Home library Current library Date acquired Full call number Accession Number Koha item type
      KAUAET   07/04/2012 005.369 18981 Books
free website counter